000
00340nam a2200133 a 4500
005
20140414093847.0
008
110304s19uu xx 00 eng d
050
_a
CDR 543
_b
F96 2004
245
_a
Fundamentals of Analytical Chemistry.
260
_a
New York :
_b
Thomson,
_c
2004.
650
_a
Chemistry
942
_c
AVM
999
_c
109714
_d
109714